• 首页
  • 本馆介绍
  • 公告通知
  • 最新文献
  • 馆藏检索
  • 电子资源
  • 读者导购
  • 参考咨询
  • 我的图书馆
  • 登录
  • 详细信息显示
  • 放入我的书架
  • 预约/预借图书
  • 作者相关作品
  • 分类相关作品
  • 丛书相关作品
  • 出版社相关作品

书目信息

  • 表格格式
  • 工作单格式
  • 卡片格式
题名:
电镀理论
    
 
作者: 黄子勋 , 吴纯素 编
分册:  
出版信息: 北京   中国农业机械出版社  1982.10
页数: 209页
开本: 26cm
丛书名:
单 册:
中图分类: TQ153.0
科图分类:
主题词:
电子资源:
ISBN:
000 00496nam0 2200181 45
001 0181011291
005 20060404144544.23
010    @dCNY1.40
100    @a20810111d km y0chiy0120 ea
101 0  @achi
200 1  @a电镀理论@Adian du li lun@f黄子勋,吴纯素编@Fhuang zi xun
210    @a北京@c中国农业机械出版社@d1982.10
215    @a209页@d26cm
690    @aTQ153.0@v4
701 0  @a黄子勋@Ahuang zi xun@4编
701  0 @a吴纯素@Awu chun su@4编
801    @aCN@bTSTC@c20060404
905    @dTQ153.0@e10
    
    电镀理论/黄子勋,吴纯素编.-北京:中国农业机械出版社,1982.10
    209页;26cm
    
    
    ISBN :CNY1.40
    
●
相关链接 在E读中查询图书 在五车中查询图书 在当当中查询图书 在豆瓣中查询图书


正题名:电镀理论     索取号:TQ153.0/10         预约/预借

序号 登录号 条形码 馆藏地/架位号 状态 备注
1 0099668   202232583   密集书库/ [索取号:TQ153.0/10] 在馆    
唐山师范学院图书馆 欢迎您!
大连网信软件有限公司© 版权所有